| 000 | 00000nam##2200000za#4500 |
| 001 | 9.569903 |
| 003 | CaOODSP |
| 005 | 20210624182004 |
| 007 | cr ||||||||||| |
| 008 | 150406|1998||||xxc|||||o f|0| 0 eng|d |
| 040 | |aCaOODSP|beng |
| 043 | |an-cn--- |
| 086 | 1 |aNH18-1-2/77-1998E-PDF |
| 110 | 2 |aCanada Mortgage and Housing Corporation. |
| 245 | 10|aIntensification in urban areas / |h[electronic resource]|cby Gerald Daly and Richard Milgrom. |
| 260 | |aOttawa - Ontario : |bCanada Mortgage and Housing Corporation |c30 November 1998. |
| 300 | |a118p.|bfigs., graphs, maps, tables |
| 490 | 1 |aResearch report |
| 504 | |aBibliography. |
| 546 | |a(Résumé en français.) |
| 590 | |a11-25-Supp|b2011-10-31 |
| 720 | 1 |aDaly, Gerald |
| 720 | 1 |aMilgrom, Richard |
| 830 | #0|aResearch report (Canada Mortgage and Housing Corporation : Online)|w(CaOODSP)9.506068 |
| 856 | 40|ahttp://publications.gc.ca|qPDF|s4.58 MB|uhttps://publications.gc.ca/collections/collection_2011/schl-cmhc/nh18-1-2/NH18-1-2-77-1998-eng.pdf |